Wuthering Heights Characters - Statistics

General Stats
  • This quiz has been taken 275 times
  • The average score is 9 of 14
Answer Stats
Honest People Don't Hide Their Deeds % Correct
Heathcliff
99%
Catherine Earnshaw
97%
Catherine Linton
97%
Nelly Dean
75%
Isabella Linton
73%
Linton Heathcliff
73%
Edgar Linton
72%
Hareton Earnshaw
68%
Hindley Earnshaw
60%
Joseph
58%
Lockwood
53%
Zillah
34%
Frances Earnshaw
32%
Mr. Green
10%
No matching quizzes found
Score Distribution
Percent of People with Each Score
Percentile by Number Answered
Your Score History
You have not taken this quiz